000 00350pab a2200145 454500
008 180718b1984 xxu||||| |||| 00| 0 eng d
100 _aVarma, M.K.
245 _aThe managers dilemma in the 80s
260 _c1984
300 _a53-61
362 _aSpring
650 _aExecutives
773 _aBihar Journal of Public Administration
909 _a7897
999 _c7897
_d7897